000 00980nam a2200289 i 4500
003 EG-GICUC
005 20260512131030.0
008 260512s1969 fr ||||fr|||| 00| 0 fre d
040 _aEG-GiCUC
_bfre
_cEG-GiCUC
_dEG-GiCUC
_eRda
082 0 4 _221
_a345.451
_bDE . E
092 0 4 _221
099 _aLaw1 07 345.451 DE . E 1969
100 1 _aDelpérée,Francis
_eAuteur
245 _aL'Élaboration Du Droit Disciplinaire De La Fonction Publique/
_cFrancis Delpérée.
264 1 _aParis:
_bLibrairie Générale De Droit Et De Jurisprudence,
_c1969.
300 _a250 page ;
_c 24 cm.
336 _2rda contenu
_a texte
337 _2rda medias
_aOrdinateur
338 _2 transporteur rda
_a Ressource en ligne
546 _aTexte en français
650 1 _aDroit Administratif
650 1 _aAutorités Disciplinaires
700 1 _aWaline,Marcel
_ePréfacier
856 4 0 _uhttps://fll.law.cu.edu.eg/fulltext/bks/B07-06198.pdf
905 _a59
942 _2ddc
_n0
_cBK
_e21
999 _c76671
_d76671